[Event "Latin Am zt16 final corr"]
[Site "CADAP corr"]
[Date "2002.09.25"]
[Round "?"]
[White "Bidart Piccoli, Fabio"]
[Black "Leal, Domingo Daniel"]
[Result "1/2-1/2"]
[WhiteElo "2551"]
[BlackElo "2432"]
[PlyCount "40"]
[EventDate "2002.09.25"]
[EventType "tourn (corr)"]
[EventRounds "14"]
[SourceTitle "Corr 2006"]
[Source "ChessBase"]
[SourceDate "2006.04.01"]
[SourceVersion "3"]
[SourceVersionDate "2006.04.01"]
[SourceQuality "1"]

1. e4 e5 2. Nf3 Nf6 3. Nxe5 d6 4. Nf3 Nxe4 5. d4 d5 6. Bd3 Be7 7. 0-0 Nc6 8. c4 Nb4 9. Be2 0-0 10. Nc3 Be6 11. Be3 Bf5 12. Qb3 c6 13. cxd5 Nxc3 14. bxc3 Nxd5 15. Qxb7 Nxc3 16. Bc4 Rb8 17. Qxa7 Ra8 18. Qb7 Rb8 19. Qxc6 Rc8 20. Qa6 Ra8 1/2-1/2